[Event "Open"]
[Site "Saint Louis, US"]
[Date "2025.10.19"]
[Round "7"]
[White "So, Wesley"]
[Black "Woodward, Andy"]
[Result "1-0"]
[Board "3"]
[WhiteFideId "5202213"]
[BlackFideId "30953499"]
[WhiteTitle "GM"]
[BlackTitle "GM"]
[WhiteElo "2756"]
[BlackElo "2590"]
[WhiteTeam "USA"]
[BlackTeam "USA"]
[WhiteClock "0:23:38"]
[BlackClock "0:06:18"]
[Variant "Standard"]

1. Nf3 {[%clk 1:30:55]}  d5 {[%clk 1:30:11]} 2. d4 {[%clk 1:31:18]}  Nf6 {[%clk 1:29:55]} 3. c4 {[%clk 1:31:33]}  e6 {[%clk 1:30:00]} 4. Nc3 {[%clk 1:31:57]}  c5 {[%clk 1:27:47]} 5. cxd5 {[%clk 1:32:09]}  cxd4 {[%clk 1:28:03]} 6. Qxd4 {[%clk 1:32:11]}  exd5 {[%clk 1:28:21]} 7. Bg5 {[%clk 1:32:08]}  Be7 {[%clk 1:25:50]} 8. e3 {[%clk 1:32:29]}  Nc6 {[%clk 1:21:29]} 9. Bb5 {[%clk 1:29:44]}  a6 {[%clk 1:12:30]} 10. Bxc6+ {[%clk 1:15:36]}  bxc6 {[%clk 1:12:29]} 11. Qa4 {[%clk 1:14:29]}  Bb7 {[%clk 1:05:36]} 12. O-O {[%clk 1:05:00]}  O-O {[%clk 1:03:48]} 13. Nd4 {[%clk 1:05:24]}  Qd7 {[%clk 1:02:26]} 14. Qc2 {[%clk 1:01:50]}  c5 {[%clk 0:53:43]} 15. Nf5 {[%clk 1:02:15]}  Bd8 {[%clk 0:51:26]} 16. Na4 {[%clk 0:48:35]}  Ne4 {[%clk 0:47:47]} 17. Bxd8 {[%clk 0:49:00]}  Raxd8 {[%clk 0:44:33]} 18. Ng3 {[%clk 0:49:01]}  d4 {[%clk 0:42:41]} 19. Nxc5 {[%clk 0:46:12]}  Nxc5 {[%clk 0:42:53]} 20. Qxc5 {[%clk 0:46:40]}  d3 {[%clk 0:37:50]} 21. Rad1 {[%clk 0:45:09]}  d2 {[%clk 0:10:25]} 22. Qc3 {[%clk 0:33:29]}  Rfe8 {[%clk 0:08:12]} 23. f3 {[%clk 0:32:22]}  Qd3 {[%clk 0:03:57]} 24. Qxd3 {[%clk 0:31:14]}  Rxd3 {[%clk 0:04:25]} 25. Rf2 {[%clk 0:31:40]}  Rdxe3 {[%clk 0:04:07]} 26. Rfxd2 {[%clk 0:32:03]}  g6 {[%clk 0:04:13]} 27. Kf2 {[%clk 0:31:32]}  R3e5 {[%clk 0:04:02]} 28. Rd8 {[%clk 0:30:59]}  Rxd8 {[%clk 0:04:23]} 29. Rxd8+ {[%clk 0:31:25]}  Kg7 {[%clk 0:04:47]} 30. Ne2 {[%clk 0:31:13]}  Rb5 {[%clk 0:04:09]} 31. Rd2 {[%clk 0:29:17]}  g5 {[%clk 0:02:20]} 32. Nd4 {[%clk 0:29:04]}  Rd5 {[%clk 0:02:07]} 33. b4 {[%clk 0:26:27]}  Kf6 {[%clk 0:01:11]} 34. Ke3 {[%clk 0:24:23]}  Ke5 {[%clk 0:00:38]} 35. g3 {[%clk 0:24:10]}  Rd7 {[%clk 0:00:33]} 36. a4 {[%clk 0:22:30]}  h5 {[%clk 0:00:33]} 37. h4 {[%clk 0:10:17]}  gxh4 {[%clk 0:00:56]} 38. gxh4 {[%clk 0:10:46]}  Rc7 {[%clk 0:00:31]} 39. Rc2 {[%clk 0:06:27]}  Rxc2 {[%clk 0:00:35]} 40. Nxc2 {[%clk 0:06:56]}  Bc6 {[%clk 0:00:31]} 41. a5 {[%clk 0:06:40]}  Kd5 {[%clk 0:24:09]} 42. Nd4 {[%clk 0:36:27]}  Bd7 {[%clk 0:20:56]} 43. b5 {[%clk 0:27:07]}  Bxb5 {[%clk 0:19:47]} 44. Nf5 {[%clk 0:27:25]}  Bd7 {[%clk 0:07:13]} 45. Ng3 {[%clk 0:27:23]}  Kc5 {[%clk 0:07:11]} 46. Kf4 {[%clk 0:22:59]}  Ba4 {[%clk 0:06:29]} 47. Nxh5 {[%clk 0:23:22]}  Bc2 {[%clk 0:06:32]} 48. Nf6 {[%clk 0:23:29]}  Kb5 {[%clk 0:05:54]} 49. h5 {[%clk 0:23:14]}  Kxa5 {[%clk 0:06:18]} 50. Ne4 {[%clk 0:23:38]} 1-0

[Event "Open"]
[Site "Saint Louis, US"]
[Date "2025.10.19"]
[Round "7"]
[White "Shankland, Sam"]
[Black "Mishra, Abhimanyu"]
[Result "1-0"]
[Board "4"]
[WhiteFideId "2004887"]
[BlackFideId "30920019"]
[WhiteTitle "GM"]
[BlackTitle "GM"]
[WhiteElo "2654"]
[BlackElo "2652"]
[WhiteTeam "USA"]
[BlackTeam "USA"]
[WhiteClock "1:30:48"]
[BlackClock "0:21:52"]
[Variant "Standard"]

1. Nf3 {[%clk 1:30:51]}  Nf6 {[%clk 1:30:51]} 2. g3 {[%clk 1:31:14]}  d5 {[%clk 1:31:06]} 3. Bg2 {[%clk 1:31:37]}  e6 {[%clk 1:31:28]} 4. O-O {[%clk 1:31:59]}  Be7 {[%clk 1:31:53]} 5. d3 {[%clk 1:32:22]}  O-O {[%clk 1:31:38]} 6. Nc3 {[%clk 1:32:49]}  Nc6 {[%clk 1:23:57]} 7. e4 {[%clk 1:33:05]}  dxe4 {[%clk 1:21:07]} 8. dxe4 {[%clk 1:33:31]}  e5 {[%clk 1:20:00]} 9. h3 {[%clk 1:33:54]}  Be6 {[%clk 1:17:39]} 10. Qe2 {[%clk 1:34:06]}  Nd4 {[%clk 1:10:27]} 11. Nxd4 {[%clk 1:33:03]}  Qxd4 {[%clk 1:07:57]} 12. Rd1 {[%clk 1:33:27]}  Qc4 {[%clk 1:06:09]} 13. Qxc4 {[%clk 1:33:51]}  Bxc4 {[%clk 1:06:35]} 14. b3 {[%clk 1:34:16]}  Be6 {[%clk 1:04:47]} 15. Bb2 {[%clk 1:34:33]}  c6 {[%clk 0:53:32]} 16. Ne2 {[%clk 1:34:45]}  Nd7 {[%clk 0:53:46]} 17. f4 {[%clk 1:35:11]}  exf4 {[%clk 0:46:36]} 18. gxf4 {[%clk 1:35:37]}  f5 {[%clk 0:42:24]} 19. Nd4 {[%clk 1:26:47]}  Bc5 {[%clk 0:41:52]} 20. e5 {[%clk 1:27:05]}  Rfd8 {[%clk 0:29:15]} 21. Ba3 {[%clk 1:23:44]}  Kf7 {[%clk 0:28:20]} 22. Bxc5 {[%clk 1:23:36]}  Nxc5 {[%clk 0:28:48]} 23. Kf2 {[%clk 1:21:59]}  a5 {[%clk 0:26:12]} 24. Ke3 {[%clk 1:20:14]}  g6 {[%clk 0:22:32]} 25. c4 {[%clk 1:17:30]}  Rd7 {[%clk 0:16:12]} 26. Rd2 {[%clk 1:16:45]}  Rad8 {[%clk 0:12:58]} 27. Rad1 {[%clk 1:15:21]}  Ke8 {[%clk 0:11:33]} 28. a3 {[%clk 1:07:59]}  Bf7 {[%clk 0:08:00]} 29. b4 {[%clk 1:03:58]}  axb4 {[%clk 0:02:57]} 30. axb4 {[%clk 1:04:26]}  Ne6 {[%clk 0:02:52]} 31. b5 {[%clk 1:00:35]}  Nxd4 {[%clk 0:01:43]} 32. Rxd4 {[%clk 1:01:00]}  Rxd4 {[%clk 0:01:14]} 33. Rxd4 {[%clk 1:01:28]}  Rc8 {[%clk 0:01:05]} 34. bxc6 {[%clk 1:00:40]}  bxc6 {[%clk 0:01:33]} 35. c5 {[%clk 1:01:04]}  Ke7 {[%clk 0:01:20]} 36. Ra4 {[%clk 1:00:21]}  Rc7 {[%clk 0:01:08]} 37. Ra8 {[%clk 0:59:36]}  Be8 {[%clk 0:00:54]} 38. h4 {[%clk 0:59:33]}  Kf7 {[%clk 0:00:40]} 39. e6+ {[%clk 0:58:55]}  Ke7 {[%clk 0:00:34]} 40. Kd4 {[%clk 0:59:10]}  h6 {[%clk 0:00:33]} 41. Ke5 {[%clk 0:59:31]}  g5 {[%clk 0:21:56]} 42. fxg5 {[%clk 1:29:54]}  hxg5 {[%clk 0:22:13]} 43. hxg5 {[%clk 1:30:20]}  f4 {[%clk 0:21:47]} 44. Kxf4 {[%clk 1:30:12]}  Bh5 {[%clk 0:21:44]} 45. Rh8 {[%clk 1:30:24]}  Kxe6 {[%clk 0:21:52]} 46. Rh6+ {[%clk 1:30:48]} 1-0

[Event "Open"]
[Site "Saint Louis, US"]
[Date "2025.10.19"]
[Round "7"]
[White "Niemann, Hans Moke"]
[Black "Caruana, Fabiano"]
[Result "0-1"]
[Board "5"]
[WhiteFideId "2093596"]
[BlackFideId "2020009"]
[WhiteTitle "GM"]
[BlackTitle "GM"]
[WhiteElo "2738"]
[BlackElo "2789"]
[WhiteTeam "USA"]
[BlackTeam "USA"]
[WhiteClock "0:07:29"]
[BlackClock "0:07:53"]
[Variant "Standard"]

1. e4 {[%clk 1:30:55]}  e5 {[%clk 1:30:55]} 2. Nf3 {[%clk 1:31:16]}  Nc6 {[%clk 1:31:22]} 3. Bc4 {[%clk 1:31:35]}  d6 {[%clk 1:22:21]} 4. c3 {[%clk 1:22:01]}  f5 {[%clk 1:16:55]} 5. d3 {[%clk 1:17:06]}  Qf6 {[%clk 1:13:29]} 6. O-O {[%clk 1:14:14]}  f4 {[%clk 1:28:35]} 7. b4 {[%clk 0:40:53]}  Nge7 {[%clk 1:09:52]} 8. a4 {[%clk 0:59:49]}  g5 {[%clk 1:04:58]} 9. b5 {[%clk 0:53:09]}  Nd8 {[%clk 1:04:26]} 10. d4 {[%clk 0:51:59]}  g4 {[%clk 0:48:59]} 11. Ne1 {[%clk 0:51:06]}  h5 {[%clk 0:49:25]} 12. Na3 {[%clk 0:39:11]}  Ne6 {[%clk 0:44:20]} 13. b6 {[%clk 0:43:16]}  c6 {[%clk 0:43:16]} 14. Ba2 {[%clk 0:41:40]}  Ng5 {[%clk 0:42:17]} 15. Nd3 {[%clk 0:39:41]}  Ng6 {[%clk 0:41:00]} 16. Nc4 {[%clk 0:39:10]}  Be6 {[%clk 0:39:24]} 17. Ba3 {[%clk 0:32:01]}  Bxc4 {[%clk 0:36:04]} 18. Bxc4 {[%clk 0:32:18]}  f3 {[%clk 0:36:18]} 19. g3 {[%clk 0:30:35]}  h4 {[%clk 0:35:20]} 20. Qc2 {[%clk 0:29:36]}  axb6 {[%clk 0:18:02]} 21. Rae1 {[%clk 0:17:17]}  Rd8 {[%clk 0:19:55]} 22. d5 {[%clk 0:12:08]}  Rd7 {[%clk 0:17:58]} 23. dxc6 {[%clk 0:08:54]}  bxc6 {[%clk 0:16:47]} 24. Bc1 {[%clk 0:07:49]}  Rdh7 {[%clk 0:11:40]} 25. Bxg5 {[%clk 0:08:07]}  Qxg5 {[%clk 0:12:00]} 26. Qb3 {[%clk 0:07:43]}  hxg3 {[%clk 0:09:01]} 27. Qxb6 {[%clk 0:08:08]}  Qh4 {[%clk 0:07:57]} 28. Qb8+ {[%clk 0:07:29]}  Ke7 {[%clk 0:07:53]} 0-1

[Event "Open"]
[Site "Saint Louis, US"]
[Date "2025.10.19"]
[Round "7"]
[White "Sevian, Samuel"]
[Black "Oparin, Grigoriy"]
[Result "1-0"]
[Board "6"]
[WhiteFideId "2040506"]
[BlackFideId "24125890"]
[WhiteTitle "GM"]
[BlackTitle "GM"]
[WhiteElo "2698"]
[BlackElo "2661"]
[WhiteTeam "USA"]
[BlackTeam "USA"]
[WhiteClock "0:15:03"]
[BlackClock "0:27:24"]
[Variant "Standard"]

1. d4 {[%clk 1:30:57]}  d5 {[%clk 1:30:54]} 2. c4 {[%clk 1:31:18]}  e6 {[%clk 1:31:19]} 3. Nc3 {[%clk 1:31:28]}  Nf6 {[%clk 1:31:44]} 4. cxd5 {[%clk 1:30:56]}  exd5 {[%clk 1:32:09]} 5. Bg5 {[%clk 1:31:15]}  c6 {[%clk 1:32:30]} 6. e3 {[%clk 1:31:34]}  Be6 {[%clk 1:32:48]} 7. Bd3 {[%clk 1:31:18]}  Nbd7 {[%clk 1:32:53]} 8. h3 {[%clk 1:29:49]}  Be7 {[%clk 1:31:58]} 9. Nf3 {[%clk 1:18:45]}  O-O {[%clk 1:31:49]} 10. O-O {[%clk 1:15:20]}  Ne8 {[%clk 1:30:53]} 11. Bf4 {[%clk 1:11:54]}  Nd6 {[%clk 1:30:24]} 12. Qb3 {[%clk 1:06:51]}  Nb6 {[%clk 1:26:57]} 13. Rad1 {[%clk 1:05:45]}  Re8 {[%clk 1:22:16]} 14. Rfe1 {[%clk 1:01:24]}  g6 {[%clk 1:18:17]} 15. Ne5 {[%clk 0:56:51]}  a5 {[%clk 1:12:35]} 16. g4 {[%clk 0:45:17]}  f6 {[%clk 1:06:01]} 17. Nf3 {[%clk 0:40:23]}  Bf7 {[%clk 1:05:33]} 18. Qc2 {[%clk 0:38:01]}  a4 {[%clk 1:00:51]} 19. Kg2 {[%clk 0:35:39]}  a3 {[%clk 0:53:57]} 20. b3 {[%clk 0:35:01]}  Nd7 {[%clk 0:54:22]} 21. h4 {[%clk 0:33:42]}  Nf8 {[%clk 0:52:40]} 22. Bg3 {[%clk 0:30:36]}  Rc8 {[%clk 0:42:36]} 23. h5 {[%clk 0:28:48]}  gxh5 {[%clk 0:39:30]} 24. gxh5 {[%clk 0:26:49]}  c5 {[%clk 0:38:45]} 25. Rh1 {[%clk 0:20:00]}  cxd4 {[%clk 0:36:43]} 26. Nxd4 {[%clk 0:19:28]}  Qa5 {[%clk 0:31:40]} 27. Qe2 {[%clk 0:18:02]}  Ne6 {[%clk 0:20:03]} 28. b4 {[%clk 0:14:38]}  Qa8 {[%clk 0:13:51]} 29. Bxd6 {[%clk 0:09:31]}  Bxd6 {[%clk 0:14:17]} 30. Qg4+ {[%clk 0:09:23]}  Kf8 {[%clk 0:13:47]} 31. Ncb5 {[%clk 0:09:25]}  Be5 {[%clk 0:13:29]} 32. Bxh7 {[%clk 0:08:31]}  Rc4 {[%clk 0:12:26]} 33. Bg6 {[%clk 0:04:34]}  Bxd4 {[%clk 0:12:50]} 34. Nxd4 {[%clk 0:03:48]}  Qc8 {[%clk 0:08:51]} 35. Bxf7 {[%clk 0:03:24]}  Kxf7 {[%clk 0:09:16]} 36. Qg6+ {[%clk 0:03:19]}  Ke7 {[%clk 0:09:42]} 37. Nf5+ {[%clk 0:03:44]}  Kd7 {[%clk 0:10:08]} 38. Qf7+ {[%clk 0:02:03]}  Kc6 {[%clk 0:10:34]} 39. Qxf6 {[%clk 0:00:37]}  Kb6 {[%clk 0:08:22]} 40. Nd6 {[%clk 0:00:35]}  Rg4+ {[%clk 0:04:54]} 41. Kf3 {[%clk 0:22:35]}  Qc2 {[%clk 0:31:32]} 42. Kxg4 {[%clk 0:17:40]}  Rg8+ {[%clk 0:28:20]} 43. Kh4 {[%clk 0:15:59]}  Rf8 {[%clk 0:27:13]} 44. Nf7 {[%clk 0:16:17]}  Ka7 {[%clk 0:27:24]} 45. Rhg1 {[%clk 0:15:03]} 1-0

[Event "Open"]
[Site "Saint Louis, US"]
[Date "2025.10.20"]
[Round "8"]
[White "Oparin, Grigoriy"]
[Black "Mishra, Abhimanyu"]
[Result "1/2-1/2"]
[Board "1"]
[WhiteFideId "24125890"]
[BlackFideId "30920019"]
[WhiteTitle "GM"]
[BlackTitle "GM"]
[WhiteElo "2661"]
[BlackElo "2652"]
[WhiteTeam "USA"]
[BlackTeam "USA"]
[WhiteClock "0:42:13"]
[BlackClock "0:04:57"]
[Variant "Standard"]

1. c4 {[%clk 1:30:57]}  Nf6 {[%clk 1:30:54]} 2. Nc3 {[%clk 1:31:17]}  e6 {[%clk 1:31:14]} 3. e4 {[%clk 1:31:23]}  c5 {[%clk 1:31:31]} 4. e5 {[%clk 1:31:29]}  Ng8 {[%clk 1:31:52]} 5. Nf3 {[%clk 1:31:35]}  Nc6 {[%clk 1:32:06]} 6. d4 {[%clk 1:31:44]}  cxd4 {[%clk 1:32:29]} 7. Nxd4 {[%clk 1:32:07]}  Nxe5 {[%clk 1:32:54]} 8. Ndb5 {[%clk 1:32:19]}  a6 {[%clk 1:33:07]} 9. Nd6+ {[%clk 1:32:44]}  Bxd6 {[%clk 1:33:33]} 10. Qxd6 {[%clk 1:33:09]}  f6 {[%clk 1:33:56]} 11. Be3 {[%clk 1:33:35]}  Ne7 {[%clk 1:33:09]} 12. Bb6 {[%clk 1:33:42]}  Nf5 {[%clk 1:34:19]} 13. Bxd8 {[%clk 1:33:57]}  Nxd6 {[%clk 1:34:42]} 14. Bc7 {[%clk 1:34:23]}  Ke7 {[%clk 1:34:48]} 15. c5 {[%clk 1:34:43]}  Ne8 {[%clk 1:35:13]} 16. Bb6 {[%clk 1:35:08]}  d5 {[%clk 1:34:42]} 17. cxd6+ {[%clk 1:35:30]}  Nxd6 {[%clk 1:35:07]} 18. Bc5 {[%clk 1:35:53]}  b6 {[%clk 1:29:34]} 19. Bxb6 {[%clk 1:36:03]}  Bb7 {[%clk 1:28:28]} 20. Bc5 {[%clk 1:36:13]}  Rac8 {[%clk 1:22:03]} 21. Ba3 {[%clk 1:36:02]}  Rhd8 {[%clk 1:19:32]} 22. O-O-O {[%clk 1:36:14]}  Nef7 {[%clk 1:18:02]} 23. Be2 {[%clk 1:35:13]}  Ke8 {[%clk 1:14:30]} 24. Rhe1 {[%clk 1:33:44]}  e5 {[%clk 1:12:19]} 25. Bb4 {[%clk 1:32:37]}  Nf5 {[%clk 1:07:53]} 26. Rxd8+ {[%clk 1:20:29]}  Nxd8 {[%clk 0:55:55]} 27. Bd3 {[%clk 1:12:49]}  g6 {[%clk 0:46:58]} 28. f4 {[%clk 1:05:34]}  Nh4 {[%clk 0:44:25]} 29. g3 {[%clk 0:48:15]}  Nf3 {[%clk 0:38:29]} 30. Re3 {[%clk 0:48:40]}  Nxh2 {[%clk 0:33:11]} 31. Be2 {[%clk 0:49:06]}  Ne6 {[%clk 0:18:40]} 32. fxe5 {[%clk 0:48:13]}  f5 {[%clk 0:19:04]} 33. Rd3 {[%clk 0:45:00]}  Ng4 {[%clk 0:15:30]} 34. Rd6 {[%clk 0:43:40]}  Rc6 {[%clk 0:14:50]} 35. Rxc6 {[%clk 0:37:41]}  Bxc6 {[%clk 0:15:19]} 36. Bxa6 {[%clk 0:38:05]}  h5 {[%clk 0:07:06]} 37. Bc4 {[%clk 0:28:31]}  Nxe5 {[%clk 0:04:17]} 38. Bxe6 {[%clk 0:28:53]}  Nd3+ {[%clk 0:04:42]} 39. Kd2 {[%clk 0:29:18]}  Nxb4 {[%clk 0:05:07]} 40. a3 {[%clk 0:28:29]}  Na6 {[%clk 0:05:27]} 41. b4 {[%clk 0:28:40]}  Nc7 {[%clk 0:20:38]} 42. Bc4 {[%clk 0:58:43]}  g5 {[%clk 0:17:31]} 43. b5 {[%clk 0:57:29]}  Bb7 {[%clk 0:17:31]} 44. a4 {[%clk 0:49:29]}  h4 {[%clk 0:09:59]} 45. gxh4 {[%clk 0:49:22]}  gxh4 {[%clk 0:10:27]} 46. Bf1 {[%clk 0:49:02]}  Ke7 {[%clk 0:08:58]} 47. a5 {[%clk 0:47:29]}  Kd6 {[%clk 0:08:05]} 48. a6 {[%clk 0:45:55]}  Bc8 {[%clk 0:06:06]} 49. Ke3 {[%clk 0:43:02]}  Kc5 {[%clk 0:03:27]} 50. Kf2 {[%clk 0:40:12]}  Bxa6 {[%clk 0:02:22]} 51. bxa6 {[%clk 0:40:11]}  Kb6 {[%clk 0:02:51]} 52. Na4+ {[%clk 0:40:31]}  Ka7 {[%clk 0:03:12]} 53. Nc5 {[%clk 0:40:54]}  Kb6 {[%clk 0:03:38]} 54. Na4+ {[%clk 0:41:19]}  Ka7 {[%clk 0:04:04]} 55. Nc5 {[%clk 0:41:45]}  Kb6 {[%clk 0:04:30]} 56. Na4+ {[%clk 0:42:13]}  Ka7 {[%clk 0:04:57]} 1/2-1/2

[Event "Open"]
[Site "Saint Louis, US"]
[Date "2025.10.20"]
[Round "8"]
[White "Caruana, Fabiano"]
[Black "Robson, Ray"]
[Result "1/2-1/2"]
[Board "2"]
[WhiteFideId "2020009"]
[BlackFideId "2023970"]
[WhiteTitle "GM"]
[BlackTitle "GM"]
[WhiteElo "2789"]
[BlackElo "2664"]
[WhiteTeam "USA"]
[BlackTeam "USA"]
[WhiteClock "0:03:03"]
[BlackClock "0:02:50"]
[Variant "Standard"]

1. c4 {[%clk 1:30:46]}  e6 {[%clk 1:29:37]} 2. Nc3 {[%clk 1:29:10]}  d5 {[%clk 1:28:56]} 3. d4 {[%clk 1:29:27]}  Nf6 {[%clk 1:28:54]} 4. cxd5 {[%clk 1:29:48]}  exd5 {[%clk 1:29:17]} 5. Bg5 {[%clk 1:30:14]}  c6 {[%clk 1:29:24]} 6. e3 {[%clk 1:30:20]}  Bf5 {[%clk 1:29:35]} 7. Qf3 {[%clk 1:29:46]}  Bg6 {[%clk 1:29:19]} 8. Bxf6 {[%clk 1:30:01]}  Qxf6 {[%clk 1:29:42]} 9. Qxf6 {[%clk 1:30:28]}  gxf6 {[%clk 1:30:04]} 10. h4 {[%clk 1:30:51]}  Nd7 {[%clk 1:30:20]} 11. h5 {[%clk 1:27:14]}  Bf5 {[%clk 1:30:19]} 12. Kd2 {[%clk 1:27:40]}  Be6 {[%clk 1:21:09]} 13. Bd3 {[%clk 1:23:13]}  f5 {[%clk 1:17:40]} 14. Nge2 {[%clk 1:20:36]}  Nf6 {[%clk 1:14:15]} 15. f3 {[%clk 1:21:02]}  Rg8 {[%clk 1:13:43]} 16. Nf4 {[%clk 1:21:06]}  h6 {[%clk 0:58:47]} 17. Ke2 {[%clk 1:20:06]}  Bd6 {[%clk 0:52:26]} 18. Kf2 {[%clk 1:20:26]}  Ke7 {[%clk 0:50:28]} 19. Nce2 {[%clk 1:04:12]}  a5 {[%clk 0:49:45]} 20. a4 {[%clk 1:04:37]}  Rg5 {[%clk 0:42:40]} 21. Bc2 {[%clk 1:02:09]}  Rag8 {[%clk 0:40:41]} 22. Rag1 {[%clk 1:02:19]}  Rh8 {[%clk 0:33:04]} 23. Rh2 {[%clk 0:56:46]}  Rhg8 {[%clk 0:32:56]} 24. Rgh1 {[%clk 0:56:28]}  Rc8 {[%clk 0:29:23]} 25. Nc1 {[%clk 0:48:13]}  Nd7 {[%clk 0:25:44]} 26. Rd1 {[%clk 0:46:43]}  Rgg8 {[%clk 0:19:57]} 27. Rhh1 {[%clk 0:46:25]}  Nf6 {[%clk 0:18:52]} 28. Ncd3 {[%clk 0:43:03]}  Rg5 {[%clk 0:15:55]} 29. Rb1 {[%clk 0:35:16]}  b6 {[%clk 0:13:03]} 30. Nc1 {[%clk 0:35:07]}  Rcg8 {[%clk 0:09:32]} 31. Nce2 {[%clk 0:34:09]}  Kd7 {[%clk 0:08:55]} 32. Bd3 {[%clk 0:32:13]}  Kc7 {[%clk 0:08:55]} 33. Rh2 {[%clk 0:32:20]}  Bd7 {[%clk 0:08:37]} 34. Rbh1 {[%clk 0:32:35]}  Kb7 {[%clk 0:08:31]} 35. Bc2 {[%clk 0:32:06]}  Kc7 {[%clk 0:07:05]} 36. Rh3 {[%clk 0:29:52]}  Kd8 {[%clk 0:02:53]} 37. Ng3 {[%clk 0:16:54]}  Bc8 {[%clk 0:02:34]} 38. b3 {[%clk 0:13:37]}  Kc7 {[%clk 0:01:25]} 39. Rg1 {[%clk 0:12:08]}  Rxg3 {[%clk 0:00:33]} 40. Rxg3 {[%clk 0:12:34]}  Rxg3 {[%clk 0:00:57]} 41. Kxg3 {[%clk 0:13:02]}  Nxh5+ {[%clk 0:00:47]} 42. Kf2 {[%clk 0:13:00]}  Nxf4 {[%clk 0:01:11]} 43. exf4 {[%clk 0:13:28]}  Bxf4 {[%clk 0:01:07]} 44. g3 {[%clk 0:11:09]}  Bg5 {[%clk 0:21:07]} 45. f4 {[%clk 0:38:07]}  Bf6 {[%clk 0:21:20]} 46. Ke3 {[%clk 0:38:34]}  c5 {[%clk 0:20:51]} 47. dxc5 {[%clk 0:38:48]}  bxc5 {[%clk 0:20:58]} 48. Rh1 {[%clk 0:39:12]}  Bc3 {[%clk 0:17:37]} 49. Rxh6 {[%clk 0:34:22]}  Be6 {[%clk 0:16:27]} 50. Ke2 {[%clk 0:33:54]}  Kd8 {[%clk 0:12:42]} 51. Rh5 {[%clk 0:17:36]}  d4 {[%clk 0:12:59]} 52. g4 {[%clk 0:17:46]}  fxg4 {[%clk 0:10:10]} 53. Rxc5 {[%clk 0:18:13]}  Ke7 {[%clk 0:09:29]} 54. Rb5 {[%clk 0:16:47]}  Kd6 {[%clk 0:07:25]} 55. Rg5 {[%clk 0:11:09]}  f5 {[%clk 0:06:22]} 56. Bxf5 {[%clk 0:10:02]}  Bxb3 {[%clk 0:06:44]} 57. Rxg4 {[%clk 0:08:12]}  Bxa4 {[%clk 0:07:00]} 58. Rg6+ {[%clk 0:07:32]}  Kc5 {[%clk 0:05:28]} 59. Bd3 {[%clk 0:04:46]}  Bb3 {[%clk 0:05:40]} 60. Ra6 {[%clk 0:04:11]}  a4 {[%clk 0:05:35]} 61. f5 {[%clk 0:04:36]}  Bb2 {[%clk 0:05:26]} 62. f6 {[%clk 0:02:24]}  a3 {[%clk 0:05:38]} 63. Bb1 {[%clk 0:02:47]}  d3+ {[%clk 0:03:17]} 64. Kd2 {[%clk 0:03:10]}  Kd4 {[%clk 0:01:46]} 65. Rd6+ {[%clk 0:02:43]}  Kc5 {[%clk 0:01:57]} 66. Ra6 {[%clk 0:02:37]}  Kd4 {[%clk 0:02:25]} 67. Rd6+ {[%clk 0:03:03]}  Kc5 {[%clk 0:02:50]} 1/2-1/2

[Event "Open"]
[Site "Saint Louis, US"]
[Date "2025.10.20"]
[Round "8"]
[White "Sevian, Samuel"]
[Black "Swiercz, Dariusz"]
[Result "1/2-1/2"]
[Board "3"]
[WhiteFideId "2040506"]
[BlackFideId "1126881"]
[WhiteTitle "GM"]
[BlackTitle "GM"]
[WhiteElo "2698"]
[BlackElo "2577"]
[WhiteTeam "USA"]
[BlackTeam "USA"]
[WhiteClock "0:27:49"]
[BlackClock "0:24:46"]
[Variant "Standard"]

1. d4 {[%clk 1:30:55]}  Nf6 {[%clk 1:30:56]} 2. c4 {[%clk 1:31:15]}  g6 {[%clk 1:31:22]} 3. Nc3 {[%clk 1:20:49]}  d5 {[%clk 1:31:38]} 4. cxd5 {[%clk 1:20:21]}  Nxd5 {[%clk 1:32:04]} 5. e4 {[%clk 1:20:46]}  Nxc3 {[%clk 1:32:30]} 6. bxc3 {[%clk 1:21:12]}  Bg7 {[%clk 1:32:58]} 7. Qa4+ {[%clk 1:21:23]}  Nd7 {[%clk 1:33:05]} 8. Nf3 {[%clk 1:21:38]}  O-O {[%clk 1:33:15]} 9. Be2 {[%clk 1:21:29]}  c5 {[%clk 1:25:37]} 10. Qa3 {[%clk 1:21:53]}  cxd4 {[%clk 1:18:22]} 11. cxd4 {[%clk 1:22:11]}  Nb6 {[%clk 1:18:50]} 12. Bg5 {[%clk 1:17:45]}  Re8 {[%clk 1:18:03]} 13. O-O {[%clk 1:06:59]}  Qd6 {[%clk 1:10:08]} 14. Qe3 {[%clk 1:02:59]}  Bg4 {[%clk 1:10:20]} 15. Rad1 {[%clk 0:57:47]}  Rac8 {[%clk 1:07:11]} 16. h3 {[%clk 0:52:35]}  Bxf3 {[%clk 0:40:34]} 17. e5 {[%clk 0:44:27]}  Qd7 {[%clk 0:39:47]} 18. Bxf3 {[%clk 0:43:11]}  Nd5 {[%clk 0:36:56]} 19. Qb3 {[%clk 0:43:18]}  e6 {[%clk 0:37:10]} 20. Rd3 {[%clk 0:37:57]}  b5 {[%clk 0:30:14]} 21. h4 {[%clk 0:37:51]}  a5 {[%clk 0:30:25]} 22. h5 {[%clk 0:36:54]}  b4 {[%clk 0:27:17]} 23. Re1 {[%clk 0:28:34]}  Rc3 {[%clk 0:18:40]} 24. Rxc3 {[%clk 0:20:30]}  Nxc3 {[%clk 0:19:01]} 25. Be3 {[%clk 0:20:45]}  Rc8 {[%clk 0:15:24]} 26. a3 {[%clk 0:16:44]}  bxa3 {[%clk 0:05:20]} 27. Qxa3 {[%clk 0:16:17]}  a4 {[%clk 0:05:43]} 28. Ra1 {[%clk 0:03:06]}  Bf8 {[%clk 0:06:04]} 29. Qb2 {[%clk 0:03:33]}  Qc7 {[%clk 0:03:21]} 30. Bd2 {[%clk 0:02:26]}  a3 {[%clk 0:03:45]} 31. Qb3 {[%clk 0:02:28]}  Qc4 {[%clk 0:02:31]} 32. Qxc4 {[%clk 0:01:12]}  Rxc4 {[%clk 0:03:00]} 33. Rc1 {[%clk 0:00:51]}  Bb4 {[%clk 0:02:35]} 34. hxg6 {[%clk 0:01:07]}  hxg6 {[%clk 0:02:49]} 35. d5 {[%clk 0:01:02]}  exd5 {[%clk 0:02:41]} 36. Bxc3 {[%clk 0:01:10]}  d4 {[%clk 0:02:32]} 37. Bd2 {[%clk 0:01:18]}  a2 {[%clk 0:00:36]} 38. Ra1 {[%clk 0:00:45]}  Bxd2 {[%clk 0:01:02]} 39. Rxa2 {[%clk 0:01:12]}  Rc1+ {[%clk 0:00:43]} 40. Kh2 {[%clk 0:01:40]}  Bf4+ {[%clk 0:01:09]} 41. g3 {[%clk 0:02:00]}  Bxe5 {[%clk 0:01:37]} 42. Be4 {[%clk 0:27:08]}  f5 {[%clk 0:29:23]} 43. Bd3 {[%clk 0:26:57]}  Rc3 {[%clk 0:29:42]} 44. Rd2 {[%clk 0:27:17]}  Kg7 {[%clk 0:29:47]} 45. Kg2 {[%clk 0:27:36]}  Kf6 {[%clk 0:30:03]} 46. Kf3 {[%clk 0:28:00]}  g5 {[%clk 0:28:24]} 47. Ke2 {[%clk 0:26:09]}  Bd6 {[%clk 0:24:24]} 48. Rc2 {[%clk 0:25:26]}  g4 {[%clk 0:22:23]} 49. Rxc3 {[%clk 0:25:08]}  dxc3 {[%clk 0:22:51]} 50. Bc2 {[%clk 0:25:21]}  Kg5 {[%clk 0:23:16]} 51. Ba4 {[%clk 0:25:15]}  f4 {[%clk 0:23:14]} 52. gxf4+ {[%clk 0:25:38]}  Bxf4 {[%clk 0:23:39]} 53. Kd3 {[%clk 0:25:49]}  Bd2 {[%clk 0:23:52]} 54. Bd1 {[%clk 0:26:09]}  Kh4 {[%clk 0:24:03]} 55. Be2 {[%clk 0:26:24]}  Be1 {[%clk 0:24:14]} 56. Bd1 {[%clk 0:26:39]}  Kh3 {[%clk 0:24:26]} 57. Be2 {[%clk 0:26:57]}  Bxf2 {[%clk 0:24:19]} 58. Bxg4 {[%clk 0:27:23]}  Kxg4 {[%clk 0:24:46]} 59. Kxc3 {[%clk 0:27:49]} 1/2-1/2